000 01315ngm a22003850a 4500
001 PT43891
003 AR-LpoUNG
005 20210201235944.0
007 vd cvaizq
008 191001s[201||||ag |||||||||||||||||spa d
040 _aAR-LpoUNG
_bspa
_cAR-LpoUNG
_eaacr
041 _aspa
044 _aag
082 0 _a302.1 617v7
100 1 _aBirri, Fernando
_edir.
245 1 3 _aLa Pampa gringa
260 _aRosario :
_bISCAA - ATE,
_c[2011].
300 _aDVD (11 min.) : son., byn
505 0 _aHecha en 1963. Italia - Guión: Fernando Birri. - Música: Virtú Maragno. - Sonido: Mario Fezia. - Fotografía: Adelqui Camusso. - Edición: Antonio Ripoll, Gerardo Rinaldi.
520 _aEvocación poética, mediante la técnica de las fotos fijas, de los primeros colonos suizos, franceses, alemanes e italianos que llegaron a Argentina a trabajar la tierra. Referencias a aspectos de su vida en la nueva patria y su proceso de integración nacional.
650 4 _aARGENTINA
650 4 _aCULTURA
650 4 _aITALIA
650 4 _aMARGINALIDAD
650 4 _aPOBREZA
650 4 _aPROBLEMAS SOCIALES
651 4 _aArgentina
653 _aCINE ARGENTINO
653 _aCORTOMETRAJE
653 _aDOCUMENTALES
653 _aDVD
653 _aVIDEOS
905 _a43891
942 _cDVD
999 _c53838
_d53838